[Event "II Miedzynarodowy Memorial Ireny Warakomskiej - Open C"]
[Site "Suwalki"]
[Date "2018.08.03"]
[Round "4.8"]
[White "Olszewski, Antoni"]
[Black "Kaliszuk, Kamil"]
[Result "0-1"]
[WhiteTitle ""]
[BlackTitle ""]
[WhiteElo "1253"]
[BlackElo "1479"]

1. e4 g6 2. d4 d6 3. c4 Nf6 4. Nc3 Bg7 5. b3 O-O 6. Nf3 Nbd7 7. Bd3 e5 8. Be3 exd4
9. Nxd4 Re8 10. b4 c5 11. bxc5 dxc5 12. Nb3 b6 13. O-O Ne5 14. Be2 Be6 15. f4
Qxd1 16. Nxd1 Nxc4 17. Bxc5 Nxe4 18. Rc1 Nxc5 19. Bxc4 Nxb3 20. axb3 Bxc4 21.
Rxc4 Rec8 22. Ra4 b5 23. Ra2 Bd4+ 24. Kh1 Rc1 25. Rd2 Bb6 26. h3 Rb1 27. Rd3 Kg7
28. f5 Bc7 29. Kg1 gxf5 30. Kf2 Kg6 31. Ne3 Rb2+ 32. Kf3 Rd8 33. Rxd8 Bxd8 34.
Rd1 Bb6 35. Rd6+ f6 36. Rd3 Bxe3 37. Rxe3 a5 38. g3 Rh2 39. h4 Ra2 40. Rd3 Ra3
41. Ke2 a4 42. Kd2 Rxb3 43. Rd5 b4 44. Kc2 Rxg3 45. Rd4 Rg4 46. Rd3 f4 47. Rd4
b3+ 48. Kb2 Rg2+ 49. Kc3 b2 50. Rb4 a3 51. h5+ Kxh5 52. Rb5+ Kg4 53. Rb8 a2 54.
Rg8+ Kf3 55. Rxg2 b1=Q 0-1

[Event "II Miedzynarodowy Memorial Ireny Warakomskiej - Open C"]
[Site "Suwalki"]
[Date "2018.08.03"]
[Round "4.9"]
[White "Kieca, Aleksandra"]
[Black "Pieczulis, Blazej"]
[Result "0-1"]
[WhiteTitle ""]
[BlackTitle ""]
[WhiteElo "1477"]
[BlackElo "1442"]

1. e4 e6 2. d4 d5 3. e5 c5 4. c3 Nc6 5. Nf3 Qb6 6. Be2 cxd4 7. cxd4 Bb4+ 8. Nc3
Nge7 9. O-O Bxc3 10. bxc3 Bd7 11. Bd3 Rc8 12. Bd2 h6 13. h3 Na5 14. Nh2 Nc4 15.
Qe2 Nxd2 16. Qxd2 Qa5 17. Rfc1 Bb5 18. Bxb5+ Qxb5 19. Rab1 Qd7 20. Qb2 b6 21.
Qd2 Nc6 22. Ng4 Na5 23. Qd3 Nc4 24. Qg3 Qc6 25. Ne3 O-O 26. Nxc4 Qxc4 27. Rb2
Rc7 28. f4 Rfc8 29. Rbc2 Qb5 30. Qe3 Rc4 31. g4 Ra4 32. Qf2 Ra3 33. Qd2 Qc4 34.
h4 Kh7 35. Kg2 Rc7 36. Kg3 Kh8 37. f5 Kh7 38. Kf4 Rc8 39. Qg2 Qd3 40. Qf3 Qc4
41. Qf2 Qd3 42. Qe3 Qc4 43. Qd2 Rc7 44. h5 Rc8 45. g5 hxg5+ 46. Kxg5 Qc7 47. Qe3
Kh8 48. Kg4 Qe7 49. Qf4 exf5+ 50. Qxf5 Qe6 51. Kf4 Qh6+ 52. Kf3 Rc7 53. Ke2 Rxa2
54. Qf3 Qxc1 55. Rxa2 Rxc3 56. Qxd5 Re3+ 57. Kf2 Qe1+ 58. Kg2 Rg3+ 59. Kh2 Qg1#
0-1

[Event "II Miedzynarodowy Memorial Ireny Warakomskiej - Open C"]
[Site "Suwalki"]
[Date "2018.08.03"]
[Round "4.11"]
[White "Tomicki, Marek "]
[Black "Burak, Vyacheslav"]
[Result "1-0"]
[WhiteTitle ""]
[BlackTitle ""]
[WhiteElo "1467"]
[BlackElo "1236"]

1. e4 c5 2. Nf3 d6 3. d4 cxd4 4. Nxd4 Nf6 5. Nc3 a6 6. Be2 e6 7. Be3 b5 8. a3 Bb7
9. f3 Nbd7 10. O-O Be7 11. Qd2 O-O 12. Rac1 Nb6 13. Qe1 d5 14. e5 Nfd7 15. Qg3
Bh4 16. Qh3 Nxe5 17. Nxe6 fxe6 18. Qxe6+ Nf7 19. Bxb6 Qe8 20. Qxe8 Rfxe8 21. Bd4
Bf6 22. Bxf6 gxf6 23. Bd3 Ne5 24. Kf2 Re7 25. Rcd1 Rc8 26. Bf5 Rd8 27. Rfe1 Rde8
28. f4 d4 29. Nb1 Nc6 30. Rxe7 Rxe7 31. Nd2 Na5 32. b3 Kf8 33. Nf3 Bxf3 34. Kxf3
Nc6 35. Be4 Rc7 36. Rd2 h6 37. Bxc6 Rxc6 38. Ke4 Ke7 39. Kxd4 Ke6 40. g4 Rd6+
41. Ke3 Rc6 42. Kd4 Rd6+ 43. Kc3 Rc6+ 44. Kb4 f5 45. h3 Kf6 46. c4 bxc4 47. bxc4
fxg4 48. hxg4 Re6 49. Rd4 Rc6 50. c5 Ke6 51. Rd6+ Rxd6 52. cxd6 Kxd6 53. Ka5 Kd5
54. Kxa6 Ke4 55. f5 Kf4 56. f6 Ke5 57. f7 h5 58. f8=Q 1-0

[Event "II Miedzynarodowy Memorial Ireny Warakomskiej - Open C"]
[Site "Suwalki"]
[Date "2018.08.03"]
[Round "4.12"]
[White "Kruszynski, Jacek"]
[Black "Kaminski, Lukasz "]
[Result "0-1"]
[WhiteTitle ""]
[BlackTitle ""]
[WhiteElo "1145"]
[BlackElo "1455"]

1. d4 g6 2. c4 Bg7 3. e4 b6 4. Nc3 Bb7 5. Be3 Nf6 6. f3 O-O 7. Qd2 d6 8. O-O-O
a5 9. Bh6 a4 10. Bxg7 Kxg7 11. e5 dxe5 12. dxe5 Qxd2+ 13. Rxd2 Nfd7 14. f4 Nc5
15. Kb1 Nc6 16. Nh3 Rfd8 17. Kc2 Nd4+ 18. Kd1 Nf5 19. Rg1 Ne3+ 20. Ke2 Rxd2+ 21.
Kxd2 Nxf1+ 22. Ke2 Nxh2 23. Nf2 Ba6 24. Nb5 Bxb5 25. cxb5 Ra5 26. Rh1 Rxb5 27.
b3 axb3 28. axb3 Rxb3 29. Rxh2 Ne6 30. Nd3 c5 31. Kd2 c4 32. Nc1 Ra3 33. g3 Rxg3
34. Rf2 Nd4 35. Rh2 Nf3+ 0-1

[Event "II Miedzynarodowy Memorial Ireny Warakomskiej - Open C"]
[Site "Suwalki"]
[Date "2018.08.03"]
[Round "4.13"]
[White "Czarniecki, Pawel"]
[Black "Zalega, Maciej "]
[Result "0-1"]
[WhiteTitle ""]
[BlackTitle ""]
[WhiteElo "1450"]
[BlackElo "1375"]

1. e4 c5 2. Nf3 d6 3. d4 cxd4 4. Nxd4 Nf6 5. Nc3 Nc6 6. Be2 e5 7. Nb3 Be7 8. O-O
O-O 9. Kh1 a5 10. a4 Nb4 11. f4 Qc7 12. f5 Rd8 13. Bd3 d5 14. Qe2 dxe4 15. Nxe4
Nxd3 16. cxd3 b6 17. Nxf6+ Bxf6 18. Rf3 Bb7 19. Rg3 Bd5 20. Qd1 Rac8 21. Bh6 Kh8
22. Be3 Qc2 23. Nd2 Qxd1+ 24. Rxd1 Rc6 25. h3 Rdc8 26. Ne4 Be7 27. Nc3 Bb3 28.
Re1 Bh4 29. Bf2 Bxg3 30. Bxg3 f6 31. Bf2 Rd8 32. Re3 Kg8 33. Kg1 Bc2 34. Re2 Bxd3
35. Rd2 Rd7 36. Ne4 Rc1+ 37. Kh2 Rc2 38. Rxc2 Bxc2 39. Ng3 Bxa4 40. Bxb6 Rd2 41.
b3 Bc6 42. h4 Rxg2+ 43. Kh3 Rb2 44. Bxa5 Rxb3 45. Be1 Bd7 46. Kg4 g6 47. Bf2 Bxf5+
48. Nxf5 gxf5+ 49. Kh5 e4 50. Kh6 Rh3 51. h5 Kf7 52. Be1 f4 53. Ba5 f3 54. Bb6
Rh2 55. Be3 f2 56. Bxf2 Rxf2 57. Kxh7 Rh2 58. h6 e3 59. Kh8 Rxh6# 0-1

[Event "II Miedzynarodowy Memorial Ireny Warakomskiej - Open C"]
[Site "Suwalki"]
[Date "2018.08.03"]
[Round "4.14"]
[White "Tynski, Aleksander "]
[Black "Galaszewski, Karol "]
[Result "0-1"]
[WhiteTitle ""]
[BlackTitle ""]
[WhiteElo "1448"]
[BlackElo "1152"]

1. e4 e5 2. Nf3 Nc6 3. Bc4 Bc5 4. d3 Nf6 5. Nc3 d6 6. Bg5 h6 7. Bh4 Qe7 8. Nd5
Qd8 9. Bxf6 gxf6 10. Nh4 Nb4 11. c3 Nxd5 12. Bxd5 Qe7 13. Qf3 Be6 14. Bxb7 Rb8
15. Bc6+ Bd7 16. Nf5 Qf8 17. Bxd7+ Kxd7 18. b3 h5 19. Ne3 Bxe3 20. Qxe3 Rg8 21.
g3 Qe7 22. Qxa7 Qe6 23. Qe3 Qg4 24. b4 h4 25. a4 hxg3 26. hxg3 Qe6 27. b5 Qb3
28. Qc1 Ra8 29. Qa3 Qc2 30. c4 Rg5 31. a5 f5 32. exf5 Rxf5 33. Rh2 Rf3 34. Rd1
e4 35. Rd2 Qb1+ 36. Ke2 Re8 37. Qb2 Qg1 38. dxe4 Qxh2 39. Kxf3 Qh1+ 40. Ke2 Rxe4+
41. Kd3 Qf3+ 42. Kc2 Rxc4+ 43. Kb1 Qe4+ 44. Rc2 Rb4 45. a6 Rxb2+ 46. Kxb2 Qb4+
47. Kc1 Qxb5 48. Ra2 Qf1+ 49. Kc2 Qxf2+ 50. Kb1 Qxa2+ 51. Kxa2 0-1

[Event "II Miedzynarodowy Memorial Ireny Warakomskiej - Open C"]
[Site "Suwalki"]
[Date "2018.08.03"]
[Round "4.15"]
[White "Paluch, Andrzej"]
[Black "Bednarski, Pawel "]
[Result "1-0"]
[WhiteTitle ""]
[BlackTitle ""]
[WhiteElo "1404"]
[BlackElo "1167"]

1. d4 e6 2. c4 d5 3. Nc3 Bb4 4. Nf3 Ne7 5. Bf4 c5 6. e3 Nbc6 7. Bd3 b6 8. O-O Ba6
9. Nb5 cxd4 10. Nc7+ Kf8 11. Nxa6 dxe3 12. Bxe3 Bd6 13. c5 bxc5 14. Nxc5 Kg8 15.
Ng5 Qb6 16. Ncxe6 Qxb2 17. Rb1 Qf6 18. Nxg7 Kxg7 19. Qg4 Kf8 20. Nxh7+ Rxh7 21.
Bxh7 Qe5 22. g3 d4 23. Bh6+ Ke8 24. Rb7 Rd8 25. Bg7 Qa5 26. Bf6 Qxa2 27. Qg7 Ng6
28. Bxg6 fxg6 29. Qxg6+ 1-0

[Event "II Miedzynarodowy Memorial Ireny Warakomskiej - Open C"]
[Site "Suwalki"]
[Date "2018.08.03"]
[Round "4.16"]
[White "Oglaza, Dawid"]
[Black "Budzisz, Adrian"]
[Result "0-1"]
[WhiteTitle ""]
[BlackTitle ""]
[WhiteElo "1133"]
[BlackElo "1400"]

1. e4 c5 2. Bc4 Nc6 3. Nf3 g6 4. O-O Bg7 5. Nc3 d6 6. d3 Nf6 7. Bf4 O-O 8. h3 a6
9. d4 cxd4 10. Nxd4 Nxe4 11. Nxc6 Nxc3 12. Nxe7+ Qxe7 13. bxc3 Qe4 14. Bxd6 Qxc4
15. Bxf8 Bxf8 16. Qd3 Be6 17. Qxc4 Bxc4 18. Rfe1 Bg7 19. Re3 b5 20. a3 Rc8 21.
Rae1 Be6 22. Rd1 Bxc3 23. Rd6 a5 24. Rdd3 Bb2 25. Rd2 Bc1 26. Rd1 Bxe3 27. fxe3
Rxc2 28. Rb1 Bc4 29. e4 Bd3 30. Rb3 Bxe4 31. Rg3 f5 32. Kf1 f4 33. Rg4 Ra2 34.
g3 Bg2+ 35. Kg1 f3 36. Rf4 Rxa3 37. h4 b4 38. g4 b3 39. Kf2 b2 40. Rxf3 Bxf3 41.
Kg3 b1=Q 42. Kf4 Bxg4 43. Kxg4 Qf5# 0-1

[Event "II Miedzynarodowy Memorial Ireny Warakomskiej - Open C"]
[Site "Suwalki"]
[Date "2018.08.03"]
[Round "4.17"]
[White "Olszewski, Jan "]
[Black "Gladyszewski, Adam "]
[Result "1/2-1/2"]
[WhiteTitle ""]
[BlackTitle ""]
[WhiteElo "1394"]
[BlackElo "1220"]

1. e4 c5 2. Nf3 Nc6 3. Bb5 a6 4. Bxc6 bxc6 5. O-O d6 6. h3 Nf6 7. Nc3 g6 8. Re1
e5 9. d3 Bg7 10. Bg5 h6 11. Be3 O-O 12. Qc1 Kh7 13. Nd2 Be6 14. Ncb1 Nd7 15. Na3
d5 16. f3 Bf6 17. Nb3 Bg5 18. Bxg5 Qxg5 19. Qxg5 hxg5 20. Nb1 a5 21. Nc3 a4 22.
Nd2 d4 23. Ne2 Nb6 24. b3 a3 25. Nc4 Bxc4 26. dxc4 Rfd8 27. Nc1 Kg7 28. Nd3 Nd7
29. Kf2 f6 30. Rac1 Kf7 31. Rh1 f5 32. Rce1 Kf6 33. Re2 f4 34. Ree1 Rab8 35. Rh2
Rh8 36. Reh1 Kg7 37. g3 Rh6 38. Kg2 Kf6 39. h4 gxh4 40. Rxh4 Rxh4 41. Rxh4 fxg3
42. Kxg3 Kg7 43. Rh3 Rf8 44. Kg4 Nf6+ 45. Kg5 Nd7 46. Kg4 Nf6+ 1/2-1/2

[Event "II Miedzynarodowy Memorial Ireny Warakomskiej - Open C"]
[Site "Suwalki"]
[Date "2018.08.03"]
[Round "4.18"]
[White "Gladyszewska, Kinga"]
[Black "Kopaczewski, Zbigniew"]
[Result "1-0"]
[WhiteTitle ""]
[BlackTitle ""]
[WhiteElo "1080"]
[BlackElo "1391"]

1. e4 e6 2. d4 a6 3. Nf3 d5 4. Nbd2 g6 5. Bd3 Bg7 6. c3 c6 7. O-O Nd7 8. Bc2 Qc7
9. Nb3 Ne7 10. Bg5 Nb6 11. Nbd2 O-O 12. Be3 a5 13. Re1 Bd7 14. b3 Be8 15. Nf1
Nd7 16. Ng3 c5 17. Bc1 b5 18. Bb2 Nb6 19. dxc5 Qxc5 20. Ne2 Bd7 21. Qd2 Nbc8 22.
Rab1 Nd6 23. exd5 Nxd5 24. Ned4 Nf6 25. h3 Bc8 26. Ne2 Bb7 27. Nh2 Rfc8 28. Qd4
Qc6 29. Nf3 Nd7 30. Qd2 Nf6 31. Ned4 Qc7 32. Bd3 Qb6 33. Qe3 Nd5 34. Qd2 Re8 35.
Nc2 Rac8 36. c4 Nf6 37. Ne5 Nf5 38. cxb5 Rcd8 39. Qe2 Nh4 40. Ne3 Nd5 41. N5c4
Qc7 42. Nxd5 Bxd5 43. Ne3 Bb7 44. Bxg7 Kxg7 45. Qb2+ Kg8 46. Bf1 Qf4 47. Qe2 Qg5
48. Qg4 Qf6 49. Qg3 1-0

[Event "II Miedzynarodowy Memorial Ireny Warakomskiej - Open C"]
[Site "Suwalki"]
[Date "2018.08.03"]
[Round "4.19"]
[White "Bednarska, Julita"]
[Black "Wydornik, Robert "]
[Result "1/2-1/2"]
[WhiteTitle ""]
[BlackTitle ""]
[WhiteElo "1190"]
[BlackElo "1373"]

1. e4 e5 2. Nf3 Nc6 3. Bb5 a6 4. Ba4 Nf6 5. d3 b5 6. Bb3 Be7 7. c3 O-O 8. O-O d5
9. exd5 Nxd5 10. Re1 Bf6 11. h3 Re8 12. Bc2 h6 13. Nbd2 Bf5 14. Ne4 Bh7 15. Bb3
Be7 16. d4 exd4 17. Nxd4 Nxd4 18. Qxd4 Nf6 19. Nxf6+ Bxf6 20. Qxd8 Raxd8 21. Rxe8+
Rxe8 22. Be3 Be5 23. Rd1 Bd6 24. c4 bxc4 25. Bxc4 Rd8 26. Bf4 a5 27. Bxd6 Rxd6
28. Rxd6 cxd6 29. Kf1 Kf8 30. Ke2 Ke7 31. Ke3 g5 32. Kd4 f5 33. a3 f4 34. b4 axb4
35. axb4 Kd7 36. b5 Kc7 37. Bd3 Bg8 38. Bc4 Bh7 39. Bd3 Bg8 40. Bc4 Bh7 41. Be6
Bc2 1/2-1/2

[Event "II Miedzynarodowy Memorial Ireny Warakomskiej - Open C"]
[Site "Suwalki"]
[Date "2018.08.03"]
[Round "4.20"]
[White "Gres, Rafal"]
[Black "Podlewski, Michal"]
[Result "0-1"]
[WhiteTitle ""]
[BlackTitle ""]
[WhiteElo "1149"]
[BlackElo "1371"]

1. e4 e6 2. d4 d5 3. exd5 exd5 4. Nf3 Bd6 5. Nc3 Ne7 6. Bd3 c6 7. O-O O-O 8. Bxh7+
Kxh7 9. Ng5+ Kg8 10. Qh5 Bf5 11. Re1 Bg6 12. Qh4 Nf5 13. Qg4 0-1

[Event "II Miedzynarodowy Memorial Ireny Warakomskiej - Open C"]
[Site "Suwalki"]
[Date "2018.08.03"]
[Round "4.21"]
[White "Bekier, Piotr"]
[Black "Hancharevich, Heorhi "]
[Result "0-1"]
[WhiteTitle ""]
[BlackTitle ""]
[WhiteElo "1132"]
[BlackElo "1369"]

1. d4 Nf6 2. c4 g6 3. Nc3 Bg7 4. e4 d6 5. Bg5 h6 6. Be3 Ng4 7. Be2 Nxe3 8. fxe3
O-O 9. Nf3 c5 10. O-O a5 11. d5 Na6 12. a3 Bd7 13. Qc2 Qe8 14. Bd3 Nc7 15. Rab1
b5 16. b4 axb4 17. axb4 bxc4 18. Bxc4 Na6 19. bxc5 Nxc5 20. Nd4 Ba4 21. Nxa4 Qxa4
22. Qxa4 Rxa4 23. Bb5 Bxd4 24. Bxa4 Bxe3+ 25. Kh1 Nxa4 26. Rf3 Bg5 27. g3 Bf6
28. Kg2 Nc5 29. Re3 Ra8 30. h4 Ra2+ 31. Kf3 g5 32. h5 Bd4 33. Ree1 Nd3 0-1

[Event "II Miedzynarodowy Memorial Ireny Warakomskiej - Open C"]
[Site "Suwalki"]
[Date "2018.08.03"]
[Round "4.23"]
[White "Trochimczuk, Szymon"]
[Black "Palacz, Karolina "]
[Result "1-0"]
[WhiteTitle ""]
[BlackTitle ""]
[WhiteElo "1330"]
[BlackElo "1055"]

1. d4 d5 2. c4 dxc4 3. e3 b5 4. a4 c6 5. axb5 cxb5 6. Qf3 Bb7 7. Qxb7 Nd7 8. Qxb5
c3 9. Nxc3 Rb8 10. Qd3 a5 11. Nf3 h6 12. Be2 Ngf6 13. O-O e6 14. Ne5 Bb4 15. Nc6
Qc7 16. Nxb8 Qxb8 17. e4 O-O 18. e5 Ne8 19. Qg3 g5 20. h4 Ng7 21. Bd3 f6 22. exf6
Nh5 23. Qxb8 Nxb8 24. hxg5 hxg5 25. Bxg5 Nc6 26. Bg6 Nxf6 27. Bxf6 Rxf6 28. Be4
Nxd4 29. Rfd1 Nb3 30. Rd8+ Kf7 31. Rad1 Nc5 32. Bc2 e5 33. Ne4 Nxe4 34. Bxe4 Be7
35. R1d7 Ke6 36. Bd5+ Kf5 37. Rxe7 a4 38. Rg8 Kf4 39. Reg7 e4 40. Rg5 e3 41. Rg4+
Ke5 42. R8g5+ Kd6 43. fxe3 Ke7 44. Rg7+ Kd6 45. R4g6 Rxg6 46. Rxg6+ Ke7 47. e4
a3 48. bxa3 Kd7 49. e5 Ke7 50. Rg7+ Kf8 51. Ra7 Ke8 52. e6 Kd8 53. Bc6 Kc8 54.
e7 Kb8 55. Rb7+ Ka8 56. e8=Q# 1-0

[Event "II Miedzynarodowy Memorial Ireny Warakomskiej - Open C"]
[Site "Suwalki"]
[Date "2018.08.03"]
[Round "4.24"]
[White "Czarniecka, Anna "]
[Black "Ulanowska, Dorota"]
[Result "1/2-1/2"]
[WhiteTitle ""]
[BlackTitle ""]
[WhiteElo "1090"]
[BlackElo "1299"]

1. d4 d5 2. c4 Nf6 3. Nc3 c6 4. Nf3 h6 5. Bf4 Bf5 6. e3 e6 7. Be2 Ne4 8. Nxe4 Bxe4
9. Qd2 Be7 10. O-O O-O 11. h3 Nd7 12. Rac1 Nf6 13. b3 Rc8 14. Ne5 Nd7 15. Bd3
Nxe5 16. Bxe5 Bh7 17. Qc2 Bxd3 18. Qxd3 Bd6 19. Bxd6 Qxd6 20. c5 Qc7 21. b4 a6
22. e4 f6 23. Rfe1 Rce8 24. e5 fxe5 25. Rxe5 Rf6 26. Qg3 Qf7 27. Rce1 Qg6 28.
Qxg6 Rxg6 29. f4 Kf7 30. f5 Rf6 31. g4 g5 32. Kf2 Re7 33. Kg3 Re8 34. h4 Re7 35.
hxg5 hxg5 36. Rh1 exf5 37. Rh7+ Kg6 38. Rexe7 fxg4 39. Kxg4 Rf4+ 40. Kg3 Rxd4
41. Rh8 Rxb4 42. Rg8+ Kf5 43. Rf7+ Ke4 44. Rxg5 d4 45. Rf4+ Kd3 46. Rf3+ Kc2 47.
Rh5 d3 48. Rh2+ Kc3 49. Rf1 Kd4 50. Rc1 Ke3 51. Re1+ Kd4 52. Rh4+ Kxc5 53. Rxb4
Kxb4 54. Rc1 c5 55. Kf2 c4 56. Ke3 Kc5 57. a3 b5 58. Rb1 Kb6 59. a4 Kc5 60. axb5
axb5 61. Kd2 b4 62. Ke3 Kb5 63. Kd2 Ka4 64. Ke3 Kb5 65. Kd2 Ka4 66. Ke3 Kb5 1/2-1/2

[Event "II Miedzynarodowy Memorial Ireny Warakomskiej - Open C"]
[Site "Suwalki"]
[Date "2018.08.03"]
[Round "4.27"]
[White "Szczotka, Matylda"]
[Black "Zajac, Robert"]
[Result "1/2-1/2"]
[WhiteTitle ""]
[BlackTitle ""]
[WhiteElo "1164"]
[BlackElo "1248"]

1. e4 e5 2. Nf3 Nc6 3. Bb5 a6 4. Ba4 b5 5. Bb3 Be7 6. d3 d6 7. c3 h6 8. h3 Nf6
9. Nbd2 O-O 10. Nf1 Na5 11. Bc2 c5 12. g4 Nh7 13. Ng3 Re8 14. Nf5 Bxf5 15. gxf5
Ng5 16. Be3 Nxf3+ 17. Qxf3 Bf6 18. Rg1 Kf8 19. Bd1 Ke7 20. Qh5 Rc8 21. a3 c4 22.
dxc4 Nxc4 23. Bc1 Rf8 24. a4 Qb6 25. axb5 axb5 26. Be2 Ra8 27. Rxa8 Rxa8 28. Bxc4
bxc4 29. Qe2 Ra1 30. Kd1 Bg5 31. Rxg5 hxg5 32. Qxc4 Qc5 33. Qb3 Qa7 34. Qd5 Qb6
35. Qc4 Qc5 36. Qb3 Qa7 37. Qd5 Qc5 38. Qb3 1/2-1/2

[Event "II Miedzynarodowy Memorial Ireny Warakomskiej - Open C"]
[Site "Suwalki"]
[Date "2018.08.03"]
[Round "4.28"]
[White "Rzecki, Andrzej"]
[Black "Zalega, Joanna "]
[Result "1-0"]
[WhiteTitle ""]
[BlackTitle ""]
[WhiteElo "1217"]
[BlackElo "1105"]

1. e4 c5 2. Nf3 d6 3. c3 Nf6 4. Bc4 Nxe4 5. Qa4+ Nd7 6. Bxf7+ Kxf7 7. Qxe4 h6 8.
d4 Nf6 9. Qc2 b6 10. Be3 Qd7 11. Nbd2 Qf5 12. Qd1 g5 13. Nc4 Ba6 14. Qe2 Bxc4
15. Qxc4+ Qd5 16. Qe2 Bg7 17. c4 Qe4 18. d5 Ng4 19. O-O Kg6 20. h3 Ne5 21. Nxe5+
Qxe5 22. Rab1 Rhf8 23. Qd2 Qe4 24. Rbd1 Qxc4 25. f4 Bf6 26. b3 Qc3 27. f5+ Kg7
28. Qe2 Qe5 29. Rde1 Qxd5 30. Qh5 Qf7 31. Qf3 Rae8 32. Bf2 e6 33. fxe6 Rxe6 34.
Rxe6 Qxe6 35. Kh1 Qd7 36. Be1 Qf7 37. Bc3 Kg6 38. Bxf6 Qxf6 39. Qd3+ Kg7 40. Rxf6
Rxf6 41. Kh2 Kf7 42. Qd5+ Re6 43. Qf3+ Ke8 44. Qa8+ Kf7 45. Qxa7+ Re7 46. Qxb6
Ke6 47. Qc6 Rd7 48. g4 Ke7 49. Qd5 Ra7 50. a4 Rc7 51. Qe4+ Kf6 52. Qf5+ Kg7 53.
Qd3 Rd7 1-0

[Event "II Miedzynarodowy Memorial Ireny Warakomskiej - Open C"]
[Site "Suwalki"]
[Date "2018.08.03"]
[Round "4.29"]
[White "Wiech, Andrzej "]
[Black "Lamch, Michal"]
[Result "0-1"]
[WhiteTitle ""]
[BlackTitle ""]
[WhiteElo "1064"]
[BlackElo "1148"]

1. d4 d5 2. e3 Nf6 3. Be2 e6 4. Nf3 c5 5. h3 cxd4 6. Qxd4 Be7 7. Nc3 O-O 8. O-O
Nc6 9. Qd1 a6 10. Bd3 e5 11. e4 d4 12. Ne2 Be6 13. c3 dxc3 14. bxc3 Qd7 15. g4
Rad8 16. Ne1 Bc4 17. Be3 Bxd3 18. Nxd3 Qxd3 19. Bb6 Qxh3 20. Bxd8 Nxg4 0-1

[Event "II Miedzynarodowy Memorial Ireny Warakomskiej - Open C"]
[Site "Suwalki"]
[Date "2018.08.05"]
[Round "6.1"]
[White "Mecelica, Erikas "]
[Black "Fronczyk, Wiktor "]
[Result "1-0"]
[WhiteTitle ""]
[BlackTitle ""]
[WhiteElo "1560"]
[BlackElo "1279"]

1. e4 c5 2. Nc3 e6 3. f4 Nc6 4. Nf3 a6 5. Be2 Nge7 6. O-O g6 7. e5 Bg7 8. Ne4 Nf5
9. g4 Nfd4 10. Nd6+ Ke7 11. Ng5 Qb6 12. Ngxf7 Rf8 13. Nxc8+ Rfxc8 14. Nd6 Rd8
15. c3 Nb5 16. Nc4 Qa7 17. a4 Nc7 18. d3 Ne8 19. b4 d5 20. Be3 d4 21. cxd4 Nxd4
22. Bxd4 Rxd4 23. b5 axb5 24. axb5 Qxa1 25. Qxa1 Rxa1 26. Rxa1 Kd7 27. Ra7 Kc8
28. Ra8+ Kd7 29. Rb8 Rxf4 30. Rxb7+ Kd8 31. b6 Rd4 32. Rb8+ Ke7 33. b7 Rd7 34.
Rxe8+ Kxe8 35. b8=Q+ 1-0

[Event "II Miedzynarodowy Memorial Ireny Warakomskiej - Open C"]
[Site "Suwalki"]
[Date "2018.08.05"]
[Round "6.2"]
[White "Paluch, Andrzej"]
[Black "Seredyn, Dominik "]
[Result "0-1"]
[WhiteTitle ""]
[BlackTitle ""]
[WhiteElo "1404"]
[BlackElo "1543"]

1. d4 d5 2. c4 e6 3. Nc3 Nf6 4. cxd5 exd5 5. Bg5 Be7 6. e3 O-O 7. Bd3 h6 8. Bh4
c6 9. Nge2 Ne4 10. Bxe7 Qxe7 11. Ng3 f5 12. Qe2 Nd7 13. Bxe4 fxe4 14. O-O-O Nb6
15. Nb1 c5 16. Rhf1 Be6 17. Qb5 Rac8 18. Nc3 Rc6 19. Kb1 Nc4 20. Na4 cxd4 21.
Rxd4 a6 22. Qb3 b5 23. Nc3 Qc5 24. Nge2 Nxe3 25. Rc1 Nc4 26. Nd1 Qxd4 27. Qc3
Nd2+ 28. Ka1 Rxc3 0-1

[Event "II Miedzynarodowy Memorial Ireny Warakomskiej - Open C"]
[Site "Suwalki"]
[Date "2018.08.05"]
[Round "6.3"]
[White "Ingielewicz, Konrad"]
[Black "Kaliszuk, Kamil"]
[Result "1/2-1/2"]
[WhiteTitle ""]
[BlackTitle ""]
[WhiteElo "1539"]
[BlackElo "1479"]

1. c4 Nf6 2. d4 g6 3. Nc3 Bg7 4. e4 d6 5. Nf3 O-O 6. Be2 Nbd7 7. O-O e5 8. Re1
exd4 9. Nxd4 Re8 10. Bf1 Nc5 11. f3 a6 12. Be3 Bd7 13. Rc1 Qe7 14. b4 Ne6 15.
Nd5 Qd8 16. a3 Rc8 17. c5 dxc5 18. Nxe6 Bxe6 19. Nxf6+ Bxf6 20. Bxc5 Qxd1 21.
Rcxd1 Rcd8 22. Rxd8 Rxd8 23. e5 Bg5 24. Be3 Be7 25. Rc1 c6 1/2-1/2

[Event "II Miedzynarodowy Memorial Ireny Warakomskiej - Open C"]
[Site "Suwalki"]
[Date "2018.08.05"]
[Round "6.4"]
[White "Tynski, Aleksander "]
[Black "Kaminski, Stefan "]
[Result "1/2-1/2"]
[WhiteTitle ""]
[BlackTitle ""]
[WhiteElo "1448"]
[BlackElo "1518"]

1. e4 e5 2. Nf3 Nc6 3. Bc4 Bc5 4. d3 d6 5. Nc3 a6 6. Ng5 Nh6 7. Bd2 Na5 8. Bb3
Nxb3 9. axb3 Bg4 10. f3 Bd7 11. Qe2 f6 12. Nh3 Bxh3 13. gxh3 Nf7 14. Na4 Ba7 15.
Be3 Bxe3 16. Qxe3 Qd7 17. h4 Qh3 18. Qf2 Qe6 19. c4 f5 20. Nc3 f4 21. Nd5 Kd7
22. h3 Nd8 23. Qg2 g6 24. Qg4 b6 25. Kd2 Qxg4 26. hxg4 Nc6 27. Rhf1 Nd4 28. Ra3
h6 29. Nb4 a5 30. Nc2 Ne6 31. Rfa1 Rab8 32. b4 axb4 33. Nxb4 Nd4 34. Rf1 Ra8 35.
Nc2 Rxa3 36. bxa3 Nb3+ 37. Kc3 Nc5 38. Nb4 c6 39. Rd1 Ra8 40. Ra1 Ne6 41. Nc2
Nc7 42. Nb4 b5 43. Kb3 Rb8 44. Kc3 Ra8 45. Kb3 Rb8 46. Kc3 1/2-1/2

[Event "II Miedzynarodowy Memorial Ireny Warakomskiej - Open C"]
[Site "Suwalki"]
[Date "2018.08.05"]
[Round "6.5"]
[White "Rog, Mateusz "]
[Black "Pieczulis, Blazej"]
[Result "0-1"]
[WhiteTitle ""]
[BlackTitle ""]
[WhiteElo "1510"]
[BlackElo "1442"]

1. e4 e6 2. d4 d5 3. e5 c5 4. Nf3 Nc6 5. Bd3 Qb6 6. O-O Bd7 7. Re1 cxd4 8. Nbd2
Rc8 9. Ng5 g6 10. Qf3 Nd8 11. Nb3 Bg7 12. Bd2 Nh6 13. Ba5 Qc6 14. Nxd4 Qa4 15.
Bc3 O-O 16. a3 b5 17. b3 Qa6 18. Bb4 Nc6 19. Nxc6 Qxc6 20. Bxf8 Rxf8 21. a4 f6
22. axb5 Qc8 23. Rxa7 fxg5 24. Qe3 Ng4 25. Qd4 Rf4 26. Qa1 Qc5 27. Ra8+ Bf8 28.
Qa7 Qxa7 29. Rxa7 Bc5 30. Ra8+ Kg7 31. Rf1 Nxf2 32. Rxf2 Rxf2 33. b4 Bd4 34. Kh1
Rd2 35. Ra1 Bxa1 36. h3 Bxe5 37. g4 Bd4 38. c3 Rxd3 39. cxd4 Bxb5 40. h4 Rd2 41.
hxg5 Kf7 42. Kg1 Ke7 43. Kh1 Kd6 44. Kg1 e5 45. dxe5+ Kxe5 46. Kh1 Kf4 47. Kg1
Kg3 48. Kh1 Rd1# 0-1

[Event "II Miedzynarodowy Memorial Ireny Warakomskiej - Open C"]
[Site "Suwalki"]
[Date "2018.08.05"]
[Round "6.6"]
[White "Kruszynski, Jacek"]
[Black "Volkov, Aleksandr"]
[Result "0-1"]
[WhiteTitle ""]
[BlackTitle ""]
[WhiteElo "1145"]
[BlackElo "1506"]

1. e4 e6 2. d4 d5 3. e5 c5 4. c3 Nc6 5. f4 Qb6 6. Nf3 Nh6 7. Qb3 Qc7 8. Bb5 Bd7
9. Bxc6 Bxc6 10. O-O Nf5 11. g4 Nh6 12. h3 f5 13. Nh2 fxg4 14. hxg4 O-O-O 15.
Be3 b6 16. Qc2 Qe7 17. Qf2 g6 18. b3 Nf7 19. f5 gxf5 20. gxf5 Rg8+ 21. Kh1 Nxe5
22. f6 Qf7 23. Rg1 Rxg1+ 24. Kxg1 Nd3 25. Qf1 Bd6 26. Nf3 Rg8+ 27. Kh1 Qh5+ 0-1

[Event "II Miedzynarodowy Memorial Ireny Warakomskiej - Open C"]
[Site "Suwalki"]
[Date "2018.08.05"]
[Round "6.7"]
[White "Czarnomski, Dominik"]
[Black "Hancharevich, Heorhi "]
[Result "1/2-1/2"]
[WhiteTitle ""]
[BlackTitle ""]
[WhiteElo "1493"]
[BlackElo "1369"]

1. c4 Nf6 2. g3 g6 3. Bg2 Bg7 4. Nc3 O-O 5. e4 e5 6. Nge2 d6 7. O-O Na6 8. d3 c5
9. h3 Rb8 10. f4 exf4 11. gxf4 Bd7 12. Ng3 Ne8 13. f5 Bd4+ 14. Kh1 Qh4 15. Nce2
Be5 16. Bf4 g5 17. Bxe5 dxe5 18. Kh2 Nf6 19. Kh1 Nb4 20. Kg1 Nc6 21. Bf3 Nd4 22.
Kg2 b5 23. Nxd4 cxd4 24. cxb5 Bxb5 25. Rc1 Bd7 26. b3 Rfc8 27. Ne2 Nh5 28. Bxh5
Qxh5 29. Qd2 f6 30. Rg1 h6 31. Kh2 Qe8 32. Rxc8 Rxc8 33. Rc1 Rxc1 34. Qxc1 Bb5
35. Qc2 Qc6 36. Qd2 Qb6 37. Qc2 Qc6 38. Qd2 Qb6 39. Qc2 1/2-1/2

[Event "II Miedzynarodowy Memorial Ireny Warakomskiej - Open C"]
[Site "Suwalki"]
[Date "2018.08.05"]
[Round "6.8"]
[White "Kieca, Aleksandra"]
[Black "Zajac, Szymon"]
[Result "1/2-1/2"]
[WhiteTitle ""]
[BlackTitle ""]
[WhiteElo "1477"]
[BlackElo "1346"]

1. e4 e6 2. d4 d5 3. e5 c5 4. c3 Nc6 5. Nf3 Bd7 6. a3 c4 7. Nbd2 Nge7 8. Be2 Ng6
9. Nf1 Na5 10. Be3 Nb3 11. Rb1 Be7 12. N1d2 Ba4 13. Nxb3 Bxb3 14. Qd2 a5 15. O-O
O-O 16. Qe1 f5 17. exf6 Bxf6 18. Nd2 Bc2 19. Rc1 Ba4 20. Bd1 Bxd1 21. Qxd1 Kh8
22. f4 Be7 23. Qc2 Qd7 24. Rce1 b5 25. g3 b4 26. axb4 axb4 27. Ra1 b3 28. Qc1
Qc6 29. Nf3 Rxa1 30. Qxa1 Ra8 31. Qd1 Ra2 32. Bc1 Kg8 33. Qe2 Ra6 34. Re1 Kf7
35. Qg2 Kg8 36. Qh3 Qd7 37. Qh5 Bd8 38. Kf2 Qf7 39. Qh3 1/2-1/2